000 00290nam a22001337a 4500
008 170926b xxu||||| |||| 00| 0 eng d
020 _a9780844212579
041 _aeng
080 _a37
100 _a46
101 _aEDU
245 _aTEACHING FRENCH CULTURE
_cSTEELE,R
942 _2udc
_cBK
999 _c29988
_d29988